Mission de phénicie / (Record no. 159830)

MARC details
000 -LEADER
campo de control de longitud fija 00909nam a22002175i 4500
001 - NÚMERO DE CONTROL
campo de control 159830
003 - IDENTIFICADOR DE NÚMERO DE CONTROL
campo de control ES-MaACL
005 - FECHA Y HORA DE LA ÚLTIMA TRANSACCIÓN
campo de control 20250810090443.0
008 - DATOS DE LONGITUD FIJA--INFORMACIÓN GENERAL
campo de control de longitud fija 991213s1864 fr ab |||| | fre d
040 ## - FUENTE DE CATALOGACIÓN
Centro catalogador/agencia de origen CCPB | B
Lengua de catalogación spa
Centro/agencia transcriptor CCPB | B
245 00 - MENCIÓN DEL TÍTULO
Título Mission de phénicie /
Mención de responsabilidad, etc. dirigée par M. Ernest Renan.
260 ## - PUBLICACIÓN, DISTRIBUCIÓN, ETC.
Lugar de publicación, distribución, etc. Paris :
Nombre del editor, distribuidor, etc. Imprimerie Impériale :
-- Michel Lévy Frères éditeurs,
Fecha de publicación, distribución, etc. 1864 (
Fabricante Imprimerie de J. Clave)
300 ## - DESCRIPCIÓN FÍSICA
Extensión 2 v. ;
Dimensiones 35, 53 cm.
505 8# - NOTA DE CONTENIDO CON FORMATO
Nota de contenido con formato Contiene: T. I: Texto ([4], 884, [4] p. : il) -- T. II: Planches / exécutées sous la direction de M. Thobois ([6] p., LXX h. de lám.)
599 ## - NOTA A LAS ILUSTRACIONES
NOTA A LAS ILUSTRACIONES Ilustraciones xil.
599 ## - NOTA A LAS ILUSTRACIONES
NOTA A LAS ILUSTRACIONES Las h. de lám. son litogr. en bl. y n. y col.: "Lith. par J. Laurens [etc.]"
650 #7 - PUNTO DE ACCESO ADICIONAL DE MATERIA--TÉRMINO DE MATERIA
Término de materia o nombre geográfico como elemento de entrada Restos arqueológicos fenicios
Fuente del encabezamiento o término embne
9 (RLIN) 239105
852 ## - LOCALIZACIÓN
Ubicación ES-MaACL
Número de control de estantería B-7724-7725
Nota libre -- Enc. hol.
942 ## - ELEMENTOS DE ENTRADA SECUNDARIOS (KOHA)
Fuente del sistema de clasificación o colocación Clasificación decimal universal
Holdings
Estatus retirado Estado de pérdida Estado de daño No para préstamo Colección Biblioteca de origen Biblioteca actual Ubicación en estantería Fecha de adquisición Fuente de adquisición Total de préstamos Signatura topográfica completa Código de barras Visto por última vez Precio de reemplazo Tipo de ítem Koha
        Libros del s. XIX Biblioteca del Ateneo de Madrid Biblioteca del Ateneo de Madrid Sala Pardo Bazán 17/01/2008     B-7724-7725 1167319 23/02/2023 23/02/2023 Libro impreso antiguo